| 000 | 00588 a2200217 4500 | ||
|---|---|---|---|
| 001 | 0000 | ||
| 003 | 0000 | ||
| 005 | 20251119125124.0 | ||
| 020 | _a9781032313849 | ||
| 040 | _erda | ||
| 050 | _aTP 683 .V33 | ||
| 100 | _aVadke, Vivekanand Sadashiv | ||
| 245 | _aPrinciples of Vegetable Oil Extraction | ||
| 264 |
_aBoca Raton _bCRC Press _c2024 |
||
| 300 | _axxiii, 400p. ill. | ||
| 336 | _2rdacontent | ||
| 338 | _2rdacarrier | ||
| 504 | _aIncludes Bibliographical References and Index | ||
| 650 |
_a _x |
||
| 942 |
_2lcc _cBK |
||
| 999 |
_c44004 _d44004 |
||